[Event "CAN-ch U20 op"]
[Site "Toronto CAN"]
[Date "2018.08.12"]
[Round "8.8"]
[White "Ajith, Aayush"]
[Black "Xu, Daniel"]
[Result "0-1"]
[WhiteElo "1934"]
[BlackElo "2095"]
[PlyCount "58"]
[EventDate "2018.08.08"]
[EventType "swiss"]
[EventRounds "9"]
[EventCountry "CAN"]

1. d4 Nf6 2. c4 g6 3. Nc3 Bg7 4. e4 d6 5. Nf3 O-O 6. Be2 e5 7. O-O Nc6 8. d5
Ne7 9. Ne1 Nd7 10. Be3 f5 11. f3 f4 12. Bf2 g5 13. a4 a6 14. a5 Rf6 15. Nd3 h5
16. c5 dxc5 17. Nxc5 Nxc5 18. Bxc5 Rg6 19. b4 Kh7 20. Qd3 g4 21. Rfd1 Ng8 22.
Rd2 Qh4 23. d6 cxd6 24. Bxd6 g3 25. h3 Bxh3 26. gxh3 g2 27. Bc5 Qxh3 28. Rdd1
Qh1+ 29. Kf2 Qh2 0-1

[Event "CAN-ch U20 op"]
[Site "Toronto CAN"]
[Date "2018.08.12"]
[Round "8.9"]
[White "Liu, Harrison"]
[Black "Qiao, Joey"]
[Result "1/2-1/2"]
[WhiteElo "1787"]
[BlackElo "1742"]
[PlyCount "63"]
[EventDate "2018.08.08"]
[EventType "swiss"]
[EventRounds "9"]
[EventCountry "CAN"]

1. e4 e5 2. Nf3 Nc6 3. Bb5 a6 4. Ba4 Nf6 5. O-O Be7 6. d4 exd4 7. e5 Nd5 8. c3
O-O 9. cxd4 d6 10. h3 Na7 11. Bb3 Be6 12. exd6 Qxd6 13. Ng5 Bxg5 14. Bxg5 Nb6
15. Be3 Bxb3 16. Qxb3 Nc6 17. Rd1 Rfd8 18. Nc3 Na5 19. Qc2 Qc6 20. Rac1 Nac4
21. Bf4 Nd6 22. b3 Rac8 23. a4 Nd5 24. Nxd5 Qxd5 25. Qc5 Qe6 26. Re1 Qd7 27.
Rc3 h6 28. Rce3 b6 29. Qc3 Re8 30. Rxe8+ Rxe8 31. Rxe8+ Nxe8 32. Qc4 1/2-1/2

[Event "CAN-ch U20 op"]
[Site "Toronto CAN"]
[Date "2018.08.12"]
[Round "8.10"]
[White "Adamo, Brendan"]
[Black "Huang, Youhe"]
[Result "1-0"]
[WhiteElo "1821"]
[BlackElo "1909"]
[PlyCount "95"]
[EventDate "2018.08.08"]
[EventType "swiss"]
[EventRounds "9"]
[EventCountry "CAN"]

1. e4 c5 2. Nc3 Nc6 3. f4 e6 4. Nf3 a6 5. g3 b5 6. d3 d5 7. exd5 exd5 8. Bg2
Nge7 9. O-O b4 10. Na4 Qa5 11. b3 Ra7 12. Qe1 Be6 13. Ng5 Nd4 14. Nxe6 fxe6 15.
Bb2 Ndc6 16. Bxd5 Rd7 17. Bxc6 Nxc6 18. Qf2 Rf7 19. Rae1 Kd7 20. Qe3 Nd8 21.
Qe4 Bd6 22. f5 exf5 23. Qd5 Qc7 24. Rxf5 Rhf8 25. Nxc5+ Qxc5+ 26. Qxc5 Bxc5+
27. Rxc5 Nb7 28. Rc4 Nd6 29. Rc5 Rf2 30. Bxg7 R8f7 31. Bd4 R2f3 32. Re2 Nf5 33.
Be5 Ne3 34. Rc7+ Ke6 35. Rxf7 Kxf7 36. Rf2 Rxf2 37. Kxf2 Ng4+ 38. Kf3 Nxe5+ 39.
Kf4 Kf6 40. d4 Nf7 41. h4 h5 42. g4 hxg4 43. Kxg4 Ke6 44. Kf4 Kd5 45. Ke3 Nd6
46. Kd3 a5 47. h5 Kc6 48. h6 1-0

[Event "CAN-ch U20 op"]
[Site "Toronto CAN"]
[Date "2018.08.12"]
[Round "8.11"]
[White "Uthayakumar, Ronan"]
[Black "Li, Kevin"]
[Result "0-1"]
[WhiteElo "1854"]
[BlackElo "1706"]
[PlyCount "64"]
[EventDate "2018.08.08"]
[EventType "swiss"]
[EventRounds "9"]
[EventCountry "CAN"]

1. e4 c5 2. Nf3 d6 3. d4 cxd4 4. Nxd4 Nf6 5. Nc3 a6 6. Be2 e6 7. O-O Be7 8. Be3
O-O 9. f4 Qc7 10. Bf3 Nbd7 11. Nb3 Rb8 12. a4 b6 13. Qe2 Nc5 14. Kh1 Bb7 15.
Nd2 Rfd8 16. g4 d5 17. e5 Nfe4 18. Ndxe4 Nxe4 19. Nxe4 dxe4 20. Bg2 Bc5 21.
Rac1 Bd4 22. c3 Bxe3 23. Qxe3 Rd3 24. Qe1 e3 25. Rc2 Rbd8 26. Re2 Rd2 27. Bxb7
Qxb7+ 28. Kg1 Rxe2 29. Qxe2 Rd2 30. Qf3 Qxf3 31. Rxf3 Rd1+ 32. Rf1 e2 0-1

[Event "CAN-ch U20 op"]
[Site "Toronto CAN"]
[Date "2018.08.12"]
[Round "9.1"]
[White "Xu, Jeffrey"]
[Black "Rusonik, Max"]
[Result "1-0"]
[WhiteElo "2221"]
[BlackElo "1970"]
[PlyCount "61"]
[EventDate "2018.08.08"]
[EventType "swiss"]
[EventRounds "9"]
[EventCountry "CAN"]

1. e4 e5 2. Nf3 Nc6 3. Bb5 f5 4. d3 fxe4 5. dxe4 Nf6 6. O-O d6 7. Bg5 Be6 8.
Nc3 Be7 9. Qe2 O-O 10. Bc4 Qd7 11. Bxe6+ Qxe6 12. Bxf6 gxf6 13. Nd5 Rac8 14.
Nh4 Kh8 15. Nf5 Bd8 16. Qg4 Rg8 17. Qh5 Ne7 18. Nh6 Rg6 19. c4 Nxd5 20. cxd5
Qe8 21. Qh3 Be7 22. Nf5 Rg8 23. Rfc1 c6 24. Qb3 Qd7 25. dxc6 bxc6 26. Qf7 Rc7
27. Rc3 Qe8 28. Qe6 Qc8 29. Qb3 d5 30. Nxe7 Rxe7 31. exd5 1-0

[Event "CAN-ch U20 op"]
[Site "Toronto CAN"]
[Date "2018.08.12"]
[Round "9.2"]
[White "Zhao, Harry"]
[Black "Gao, Raymond"]
[Result "1-0"]
[WhiteElo "2203"]
[BlackElo "1736"]
[PlyCount "113"]
[EventDate "2018.08.08"]
[EventType "swiss"]
[EventRounds "9"]
[EventCountry "CAN"]

1. d4 d5 2. Nf3 e6 3. e3 f5 4. g4 Nf6 5. gxf5 exf5 6. c4 Bb4+ 7. Bd2 Bxd2+ 8.
Nbxd2 c6 9. Bd3 Ne4 10. Qe2 Nd7 11. O-O-O b6 12. Ne1 Qh4 13. f3 Nf2 14. Ng2
Nxd3+ 15. Qxd3 Qg5 16. Nf4 Nf6 17. Rdg1 Qh6 18. cxd5 cxd5 19. Nxd5 O-O 20. Nc7
Rb8 21. Qb3+ Kh8 22. Kb1 Bb7 23. Rc1 Rbc8 24. Qd3 Rf7 25. Nb5 Rxc1+ 26. Rxc1
Qxh2 27. Nxa7 g6 28. Nc8 Nd5 29. e4 fxe4 30. Nxe4 Rc7 31. Rxc7 Qxc7 32. Ncd6
Qe7 33. Qb5 Nf6 34. Qg5 Bxe4+ 35. Nxe4 Kg7 36. Kc2 h6 37. Qxf6+ Qxf6 38. Nxf6
Kxf6 39. a4 h5 40. Kd3 h4 41. Ke3 Ke6 42. b4 Kd5 43. a5 bxa5 44. bxa5 Kc6 45.
f4 h3 46. Kf3 h2 47. Kg2 h1=Q+ 48. Kxh1 Kb5 49. Kg2 Kxa5 50. Kf3 Kb5 51. Ke4
Kc6 52. Ke5 Kd7 53. Kf6 Ke8 54. Kxg6 Kf8 55. f5 Ke7 56. f6+ Ke8 57. Kg7 1-0

[Event "CAN-ch U20 op"]
[Site "Toronto CAN"]
[Date "2018.08.12"]
[Round "9.3"]
[White "Bremner, William"]
[Black "Zhong, Kevin"]
[Result "1-0"]
[WhiteElo "2198"]
[BlackElo "2016"]
[PlyCount "129"]
[EventDate "2018.08.08"]
[EventType "swiss"]
[EventRounds "9"]
[EventCountry "CAN"]

1. d4 d5 2. c4 e6 3. Nf3 c6 4. Qc2 Bd6 5. g3 f5 6. Bg2 Nf6 7. O-O O-O 8. b3 Qe7
9. Bb2 Nbd7 10. Qc1 Ne4 11. Ba3 Bxa3 12. Qxa3 Qf6 13. Qb2 g5 14. e3 g4 15. Ne1
h5 16. f3 Ng5 17. f4 Ne4 18. Bxe4 fxe4 19. Ng2 Rf7 20. Rc1 Nf8 21. Nh4 Ng6 22.
Qf2 Bd7 23. c5 Kh8 24. Nd2 Rg8 25. Kh1 e5 26. Nxg6+ Rxg6 27. dxe5 Qxe5 28. Nf1
Qf6 29. Qe1 Kg8 30. Qc3 Qe7 31. Rc2 Rh7 32. Kg1 h4 33. Rg2 Rgh6 34. Kf2 hxg3+
35. hxg3 Rh1 36. Rc1 Kf7 37. Qa5 Qf6 38. Qc3 Qf5 39. a4 Qf6 40. Qxf6+ Kxf6 41.
Rg1 R1h3 42. Nd2 Bf5 43. Rg2 Rh2 44. Nf1 Rh1 45. b4 Rd7 46. Rd1 Rdh7 47. a5 b6
48. cxb6 axb6 49. Rc1 bxa5 50. Rxc6+ Be6 51. bxa5 Rb7 52. Rc2 Rb1 53. Rg1 Rh8
54. Nd2 Rb5 55. Ra1 Ra8 56. a6 Kf5 57. Rc7 Rb2 58. Ke2 Rh8 59. Ke1 Rh2 60. a7
Rbxd2 61. Rh7 Rhe2+ 62. Kf1 Rf2+ 63. Kg1 Rg2+ 64. Kh1 Ra2 65. a8=Q 1-0

[Event "CAN-ch U20 op"]
[Site "Toronto CAN"]
[Date "2018.08.12"]
[Round "9.4"]
[White "Zhao, Jeffrey Renfei"]
[Black "Zhang, Henry"]
[Result "0-1"]
[WhiteElo "2002"]
[BlackElo "2194"]
[PlyCount "64"]
[EventDate "2018.08.08"]
[EventType "swiss"]
[EventRounds "9"]
[EventCountry "CAN"]

1. e4 c5 2. Nf3 e6 3. d4 cxd4 4. Nxd4 Nc6 5. Nc3 Qc7 6. f4 a6 7. Be3 b5 8. a3
Bb7 9. Be2 d6 10. O-O Nf6 11. Bf3 Be7 12. Qe1 Nxd4 13. Bxd4 O-O 14. Rd1 Bc6 15.
Qg3 Rad8 16. Rf2 Qb7 17. Rfd2 g6 18. e5 dxe5 19. Bxc6 Qxc6 20. Bxe5 Bc5+ 21.
Bd4 Rxd4 22. Rxd4 Rd8 23. Ne2 Qe4 24. Qf2 Rxd4 25. Nxd4 Ng4 26. Qd2 Ne3 27. c3
Nxd1 28. Qxd1 Qxf4 29. Kh1 Qd6 30. Qg4 h5 31. Qe4 e5 32. Qc6 exd4 0-1

[Event "CAN-ch U20 op"]
[Site "Toronto CAN"]
[Date "2018.08.12"]
[Round "9.5"]
[White "Jiang, Brian"]
[Black "Li, William"]
[Result "0-1"]
[WhiteElo "2094"]
[BlackElo "2192"]
[PlyCount "132"]
[EventDate "2018.08.08"]
[EventType "swiss"]
[EventRounds "9"]
[EventCountry "CAN"]

1. d4 Nf6 2. c4 e6 3. g3 c5 4. d5 exd5 5. cxd5 b5 6. Nf3 d6 7. Bg2 Be7 8. e4
Nxe4 9. Qe2 Nf6 10. Qxb5+ Nfd7 11. Nc3 O-O 12. Qa4 Ba6 13. Bf1 Nb6 14. Qd1 Bf6
15. Bxa6 Nxa6 16. Ne2 Nc7 17. Nf4 Re8+ 18. Kf1 Be5 19. Nd3 Ncxd5 20. Nfxe5 dxe5
21. Nxc5 Qc8 22. Ne4 Qh3+ 23. Kg1 Rad8 24. Qf3 h6 25. Be3 f5 26. Nc3 e4 27. Qe2
Nxe3 28. fxe3 Rd3 29. Nd1 Qg4 30. Qxg4 fxg4 31. Nf2 Rxe3 32. Nxg4 Re2 33. b3 e3
34. h3 h5 35. Rh2 Rd2 36. Re1 Rd3 37. Nxe3 Rdxe3 38. Rxe3 Rxe3 39. Rg2 Kf7 40.
Kh2 Ke6 41. Rc2 Kd6 42. Rf2 Nd5 43. Rf7 Re7 44. Rf2 Nc3 45. Rd2+ Kc5 46. Kg1 a5
47. a3 Kb5 48. Rd3 Rc7 49. Kg2 Nb1 50. Rd5+ Kb6 51. a4 Rc5 52. Rd6+ Kc7 53. Rg6
Nd2 54. Rxg7+ Kc6 55. Rg6+ Kd5 56. Rb6 Rc2 57. Rb5+ Ke4 58. Rb8 Nxb3+ 59. Kf1
Nd4 60. g4 h4 61. Rh8 Kf3 62. Ke1 Ke3 63. Re8+ Kf3 64. g5 Rg2 65. Re5 Kg3 66.
Rxa5 Rg1+ 0-1

[Event "CAN-ch U20 op"]
[Site "Toronto CAN"]
[Date "2018.08.12"]
[Round "9.6"]
[White "Xu, Daniel"]
[Black "Zheng, Kevin"]
[Result "1/2-1/2"]
[WhiteElo "2095"]
[BlackElo "1966"]
[PlyCount "83"]
[EventDate "2018.08.08"]
[EventType "swiss"]
[EventRounds "9"]
[EventCountry "CAN"]

1. d4 Nf6 2. c4 g6 3. Nc3 d5 4. cxd5 Nxd5 5. e4 Nxc3 6. bxc3 Bg7 7. Bc4 c5 8.
Ne2 Nc6 9. Be3 O-O 10. O-O Qc7 11. Rc1 Rd8 12. Qd2 e6 13. Qb2 b6 14. Bf4 Qe7
15. Be3 Qc7 16. Rfd1 Bb7 17. Bg5 Rd7 18. Bf4 Qd8 19. Be3 Rc8 20. Rd2 Qh4 21.
Bd3 Rcd8 22. g3 Qg4 23. Nf4 Nxd4 24. cxd4 cxd4 25. Be2 dxe3 26. Rxd7 Rxd7 27.
Qxg7+ Kxg7 28. Bxg4 exf2+ 29. Kxf2 Bxe4 30. Ke3 f5 31. Rc7 Rxc7 32. Nxe6+ Kf7
33. Nxc7 Bb1 34. Be2 Bxa2 35. Nb5 a5 36. Nd6+ Ke6 37. Nc8 a4 38. Nxb6 a3 39.
Kd4 Bd5 40. Kc3 a2 41. Kb2 Ke5 42. Nxd5 1/2-1/2

[Event "CAN-ch U20 op"]
[Site "Toronto CAN"]
[Date "2018.08.12"]
[Round "9.7"]
[White "Singh, Malhar"]
[Black "Adamo, Brendan"]
[Result "1-0"]
[WhiteElo "1825"]
[BlackElo "1821"]
[PlyCount "41"]
[EventDate "2018.08.08"]
[EventType "swiss"]
[EventRounds "9"]
[EventCountry "CAN"]

1. d4 Nf6 2. Bg5 e6 3. e4 Be7 4. Bd3 d5 5. e5 Nfd7 6. Bxe7 Qxe7 7. c3 c5 8. f4
cxd4 9. Nf3 dxc3 10. Nxc3 a6 11. Rc1 b6 12. Nxd5 Qd8 13. Nc7+ Ke7 14. Nxa8 Bb7
15. Be4 Nxe5 16. Rc7+ Qxc7 17. Nxc7 Bxe4 18. fxe5 Rd8 19. Qb3 Nd7 20. Qb4+ Nc5
21. Nxa6 1-0

[Event "CAN-ch U20 op"]
[Site "Toronto CAN"]
[Date "2018.08.12"]
[Round "9.8"]
[White "Zhao, Jeffrey R"]
[Black "Liu, Harrison"]
[Result "0-1"]
[WhiteElo "2017"]
[BlackElo "1787"]
[PlyCount "74"]
[EventDate "2018.08.08"]
[EventType "swiss"]
[EventRounds "9"]
[EventCountry "CAN"]

1. e4 c5 2. Nf3 d6 3. d4 cxd4 4. Qxd4 Nc6 5. Bb5 Bd7 6. Bxc6 Bxc6 7. Nc3 Nf6 8.
Bg5 Qb6 9. O-O-O Qxd4 10. Nxd4 Nxe4 11. Nxe4 Bxe4 12. Rhe1 Bg6 13. Nb5 Kd7 14.
c4 a6 15. Nc3 Rc8 16. Rd4 f6 17. Bh4 Bf7 18. b3 b5 19. Nd5 Bxd5 20. Rxd5 bxc4
21. Kb2 cxb3 22. axb3 Rc6 23. Ra5 Kc7 24. Rc1 Rxc1 25. Kxc1 Kb6 26. Ra1 e5 27.
Kc2 Be7 28. Kd3 d5 29. Re1 Bc5 30. f3 Rc8 31. Rc1 Rc6 32. Be1 Bg1 33. Ba5+ Kb5
34. Rxc6 Kxc6 35. Bb4 f5 36. h3 e4+ 37. fxe4 fxe4+ 0-1

[Event "CAN-ch U20 op"]
[Site "Toronto CAN"]
[Date "2018.08.12"]
[Round "9.9"]
[White "Qiao, Joey"]
[Black "Li, Eric M"]
[Result "0-1"]
[WhiteElo "1742"]
[BlackElo "2037"]
[PlyCount "108"]
[EventDate "2018.08.08"]
[EventType "swiss"]
[EventRounds "9"]
[EventCountry "CAN"]

1. e4 c5 2. Nf3 Nc6 3. d4 cxd4 4. Nxd4 Qb6 5. Nb3 Nf6 6. Nc3 e6 7. Be3 Qc7 8.
a3 a6 9. Be2 Be7 10. O-O O-O 11. f4 d6 12. Qe1 b5 13. Rc1 Bb7 14. Nd2 Rac8 15.
Qf2 d5 16. exd5 exd5 17. Bf3 d4 18. Bxd4 Nxd4 19. Bxb7 Qxb7 20. Nf3 Nxf3+ 21.
Qxf3 Qxf3 22. Rxf3 Bc5+ 23. Kf1 Rcd8 24. Rd1 Rxd1+ 25. Nxd1 Rd8 26. Ke2 Ne4 27.
Rd3 Rxd3 28. Kxd3 f5 29. g4 g6 30. h3 Kf7 31. c4 Nf2+ 32. Nxf2 Bxf2 33. cxb5
axb5 34. b3 Ke6 35. a4 bxa4 36. bxa4 Kd5 37. a5 Ba7 38. a6 Bb6 39. g5 Ba7 40.
h4 Bb6 41. h5 gxh5 42. g6 hxg6 43. a7 Bxa7 44. Ke2 Ke4 45. Kf1 Kf3 46. Ke1 h4
47. Kd2 h3 48. Kd3 h2 49. Kc4 h1=Q 50. Kd5 Kxf4+ 51. Kc4 Qc6+ 52. Kb3 Bd4 53.
Ka2 Qc3 54. Kb1 Qb2# 0-1

[Event "CAN-ch U20 op"]
[Site "Toronto CAN"]
[Date "2018.08.12"]
[Round "9.10"]
[White "Li, Kevin"]
[Black "James, Rowan"]
[Result "0-1"]
[WhiteElo "1706"]
[BlackElo "1904"]
[PlyCount "52"]
[EventDate "2018.08.08"]
[EventType "swiss"]
[EventRounds "9"]
[EventCountry "CAN"]

1. e4 e5 2. Nf3 Nc6 3. d4 exd4 4. Bc4 Nf6 5. O-O Nxe4 6. Re1 d5 7. Bxd5 Qxd5 8.
Nc3 Qh5 9. Nxe4 Be6 10. Neg5 O-O-O 11. Nxe6 fxe6 12. Rxe6 Bd6 13. b4 Ne5 14.
Rxe5 Bxe5 15. Qd3 Rhf8 16. Nxe5 Qxe5 17. Bb2 Qf4 18. Rf1 Rf6 19. Bc1 Qf5 20.
Qb3 Rc6 21. b5 Rxc2 22. b6 Rf8 23. bxa7 Qxf2+ 24. Rxf2 Rxc1+ 25. Qd1 Rxd1+ 26.
Rf1 Rdxf1# 0-1

[Event "CAN-ch University"]
[Site "Ottawa CAN"]
[Date "2018.01.13"]
[Round "1"]
[White "Cormier, Adam"]
[Black "Qin, Zi Yi (Joey)"]
[Result "0-1"]
[WhiteElo "2132"]
[BlackElo "2502"]
[PlyCount "80"]
[EventDate "2018.01.13"]
[EventType "team"]
[EventRounds "5"]
[EventCountry "CAN"]

1. d4 Nf6 2. c4 g6 3. g3 Bg7 4. Bg2 O-O 5. Nc3 c6 6. e4 d6 7. Nf3 Qa5 8. O-O e5
9. h3 Nbd7 10. a3 exd4 11. Nxd4 Ne5 12. b4 Qa6 13. b5 Qa5 14. Qb3 Nfd7 15. Bd2
Nc5 16. Qa2 Ned3 17. Nce2 Qc7 18. Rab1 Re8 19. bxc6 bxc6 20. Qc2 Ba6 21. f4
Rab8 22. Kh2 h5 23. Be3 Rxb1 24. Rxb1 f5 25. e5 dxe5 26. Nxc6 exf4 27. Bxf4
Nxf4 28. Nxf4 h4 29. Bd5+ Kh7 30. Qg2 Re3 31. Ne2 Ne4 32. Nb4 Rxe2 33. Qxe2
Qxg3+ 34. Kh1 Nf2+ 35. Qxf2 Qxf2 36. Nxa6 Be5 37. Bg2 Qg3 38. Kg1 f4 39. Rf1
Bd4+ 40. Kh1 Bf2 0-1

[Event "CAN-ch University"]
[Site "Ottawa CAN"]
[Date "2018.01.13"]
[Round "1"]
[White "D'Souza, Justin"]
[Black "Bassel, Charaf"]
[Result "0-1"]
[WhiteElo "1902"]
[BlackElo "2201"]
[PlyCount "122"]
[EventDate "2018.01.13"]
[EventType "team"]
[EventRounds "5"]
[EventCountry "CAN"]

1. c4 Nc6 2. Nc3 e5 3. g3 f5 4. Bg2 Nf6 5. e3 g6 6. h4 Bg7 7. h5 gxh5 8. Nge2
d6 9. d4 Ne7 10. dxe5 dxe5 11. Qxd8+ Kxd8 12. b3 c6 13. Ba3 Ng6 14. O-O-O+ Ke8
15. f3 Bh6 16. Rd3 f4 17. exf4 exf4 18. Nxf4 Nxf4 19. gxf4 Bxf4+ 20. Kd1 Bf5
21. Ne4 Nxe4 22. fxe4 Bg4+ 23. Kc2 Rd8 24. Rf1 Rxd3 25. Kxd3 Be5 26. Bc5 h4 27.
Rh1 Bg3 28. e5 Kd7 29. Ke4 Ke6 30. Be3 Rf8 31. Bh3 Bxh3 32. Rxh3 Rf5 33. Bxa7
Rxe5+ 34. Kf3 Ra5 35. Be3 Rxa2 36. Bg5 Rb2 37. Bxh4 Bxh4 38. Rxh4 Rxb3+ 39. Ke4
Kd6 40. Rh5 b6 41. Kd4 c5+ 42. Ke4 Rc3 43. Rh6+ Kc7 44. Rxh7+ Kc6 45. Rh6+ Kb7
46. Rh7+ Ka6 47. Kd5 Rg3 48. Rh4 Ka5 49. Re4 Rd3+ 50. Ke5 Kb4 51. Rf4 Kc3 52.
Rf6 Kxc4 53. Rxb6 Kc3 54. Rb5 c4 55. Ke4 Rd8 56. Rc5 Kb4 57. Rc7 Kb3 58. Rb7+
Kc2 59. Ke3 c3 60. Rb4 Re8+ 61. Kd4 Kd2 0-1

[Event "CAN-ch University"]
[Site "Ottawa CAN"]
[Date "2018.01.13"]
[Round "1"]
[White "Dunne, Francesco"]
[Black "Ma, Indy"]
[Result "1-0"]
[WhiteElo "2210"]
[BlackElo "1743"]
[PlyCount "63"]
[EventDate "2018.01.13"]
[EventType "team"]
[EventRounds "5"]
[EventCountry "CAN"]

1. e4 c6 2. d4 d5 3. e5 Bf5 4. Nf3 e6 5. Be2 Ne7 6. O-O Nd7 7. Nbd2 Nc8 8. a4
a5 9. Nb3 h6 10. Bd2 Be7 11. Ne1 Qc7 12. Rc1 O-O 13. f4 Bb4 14. c3 Be7 15. g4
Be4 16. f5 Ncb6 17. Bf4 Nc4 18. Bxc4 dxc4 19. Nd2 Bd5 20. Qe2 b5 21. f6 gxf6
22. exf6 Bd6 23. Bxh6 Kh7 24. Bg7 Rg8 25. Qf2 Bxh2+ 26. Qxh2+ Qxh2+ 27. Kxh2
Kg6 28. Ng2 e5 29. Nh4+ Kh7 30. Rf5 Nxf6 31. Bxf6 Rxg4 32. Rh5+ 1-0

[Event "CAN-ch University"]
[Site "Ottawa CAN"]
[Date "2018.01.13"]
[Round "1"]
[White "Nakagawa, Seiji"]
[Black "Kellar, Ben"]
[Result "1/2-1/2"]
[WhiteElo "1786"]
[BlackElo "2123"]
[PlyCount "137"]
[EventDate "2018.01.13"]
[EventType "team"]
[EventRounds "5"]
[EventCountry "CAN"]

1. e4 c5 2. Nf3 g6 3. d3 Bg7 4. g3 Nc6 5. Bg2 Nf6 6. O-O O-O 7. c3 d6 8. Re1 e5
9. h3 Re8 10. Be3 Rb8 11. Nbd2 b5 12. a3 a5 13. a4 Ba6 14. axb5 Bxb5 15. Qc2
Re7 16. Nc4 Reb7 17. Reb1 Qc7 18. Nfd2 Nd7 19. Kh2 Ra7 20. b3 Rba8 21. Na3 Ba6
22. Ra2 Nb6 23. Ndc4 Nxc4 24. bxc4 Rb7 25. Nb5 Qd8 26. Rab2 Rab8 27. h4 Rb6 28.
Bg5 f6 29. Be3 R8b7 30. Bc1 Qb8 31. Bh3 Bxb5 32. Be6+ Kf8 33. cxb5 Rxb5 34. Bd5
Rxb2 35. Bxb2 Rb6 36. Bxc6 Rxc6 37. Ba3 Rb6 38. Rxb6 Qxb6 39. Qa4 Ke7 40. Qc4
Qd8 41. Qa6 Kf7 42. Qc4+ Kf8 43. d4 exd4 44. cxd4 cxd4 45. Qxd4 Ke7 46. Qa7+
Kf8 47. Qa6 Ke7 48. Qa7+ Kf8 49. Qa6 Kf7 50. Bxd6 Bf8 51. Qc4+ Kg7 52. Bf4 Bb4
53. e5 fxe5 54. Bxe5+ Kf8 55. Qf4+ Ke8 56. Bf6 Qd6 57. Qe4+ Kf7 58. Bd4 a4 59.
Qb7+ Ke6 60. Qe4+ Kf7 61. Be5 Qe7 62. Qd5+ Qe6 63. Qf3+ Kg8 64. Qa8+ Bf8 65.
Bd4 Qb3 66. Bc5 Qf7 67. Bxf8 Qxf8 68. Qxa4 Qxf2+ 69. Kh3 1/2-1/2

[Event "CAN-ch University"]
[Site "Ottawa CAN"]
[Date "2018.01.13"]
[Round "1"]
[White "Nasir, Zehn"]
[Black "Law, James"]
[Result "1-0"]
[WhiteElo "2261"]
[BlackElo "1398"]
[PlyCount "87"]
[EventDate "2018.01.13"]
[EventType "team"]
[EventRounds "5"]
[EventCountry "CAN"]

1. e4 c5 2. Nf3 d6 3. d4 cxd4 4. Nxd4 Nf6 5. Nc3 a6 6. h3 e6 7. g4 Be7 8. g5
Nfd7 9. Be3 Qc7 10. Qd2 Nc5 11. O-O-O O-O 12. Be2 Nbd7 13. b4 b5 14. bxc5 Nxc5
15. Nb3 b4 16. Nb1 Nxe4 17. Qxb4 d5 18. Qa5 Qc6 19. Rhg1 Bd7 20. f3 Nd6 21. Qc3
Qb7 22. Na5 Qb8 23. Nc6 Bxc6 24. Qxc6 Nf5 25. Bf2 Qf4+ 26. Rd2 Rab8 27. Qc3
Bxg5 28. Rg4 Rxb1+ 29. Kxb1 Qxd2 30. Qxd2 Bxd2 31. c4 Rb8+ 32. Kc2 Ne3+ 33.
Bxe3 Bxe3 34. cxd5 exd5 35. Bxa6 d4 36. Bc4 Rc8 37. Kd3 Rc5 38. a4 g6 39. Rg2
Kg7 40. Rb2 Rf5 41. Ke2 h6 42. Rb7 g5 43. Bb5 Re5 44. a5 1-0

[Event "CAN-ch University"]
[Site "Ottawa CAN"]
[Date "2018.01.13"]
[Round "1"]
[White "Qian, Owen"]
[Black "Tomb, Maroun"]
[Result "1/2-1/2"]
[WhiteElo "2105"]
[BlackElo "2290"]
[PlyCount "64"]
[EventDate "2018.01.13"]
[EventType "team"]
[EventRounds "5"]
[EventCountry "CAN"]

1. d4 d6 2. Nf3 Nf6 3. c4 Nbd7 4. Nc3 e5 5. e4 Be7 6. Bd3 O-O 7. O-O c6 8. d5
Nc5 9. b4 Nxd3 10. Qxd3 a5 11. dxc6 axb4 12. cxb7 Bxb7 13. Nd5 Nxd5 14. exd5 f5
15. Qb3 Bf6 16. Bb2 Qa5 17. a3 Qa4 18. Qxb4 Qd7 19. a4 Rfb8 20. Qa3 Ra5 21. Bc3
Rc5 22. Bxe5 Bxe5 23. Nxe5 Qc7 24. Nc6 Bxc6 25. dxc6 Qxc6 26. Rfe1 Rxc4 27. a5
Qc5 28. Qf3 f4 29. Red1 Rd4 30. Rdc1 Rc4 31. Rd1 Rd4 32. Rdc1 Rc4 1/2-1/2

[Event "CAN-ch University"]
[Site "Ottawa CAN"]
[Date "2018.01.13"]
[Round "1"]
[White "Shi, Diwen"]
[Black "Gibson, Kevin"]
[Result "1/2-1/2"]
[WhiteElo "2288"]
[BlackElo "2164"]
[PlyCount "114"]
[EventDate "2018.01.13"]
[EventType "team"]
[EventRounds "5"]
[EventCountry "CAN"]

1. e4 d5 2. exd5 Qxd5 3. Nc3 Qd8 4. Bc4 Nf6 5. Nf3 Bf5 6. Ng5 Bg6 7. Qf3 Nc6 8.
Bb5 Qd7 9. d3 Bh5 10. Bxc6 bxc6 11. Qh3 Qxh3 12. Nxh3 e5 13. O-O Bd6 14. Ng5
O-O 15. Nge4 Nxe4 16. Nxe4 f5 17. Ng3 Bg6 18. Re1 Rae8 19. Bd2 h5 20. Bg5 e4
21. dxe4 f4 22. Nf5 Bxf5 23. exf5 Rxe1+ 24. Rxe1 Rxf5 25. h4 Re5 26. Rxe5 Bxe5
27. b3 Kf7 28. Kf1 f3 29. gxf3 Ke6 30. Ke2 Kf5 31. Ke3 a6 32. Kd3 Bd6 33. Kc4
Bf4 34. Bd8 g5 35. Kc5 gxh4 36. Bxh4 Bg5 37. Bg3 h4 38. Bxh4 Bxh4 39. Kxc6 Bxf2
40. Kxc7 Kf4 41. b4 Be1 42. a3 Bc3 43. Kb6 Bb2 44. Kxa6 Bxa3 45. b5 Kxf3 46. b6
Ke4 47. c4 Kd4 48. Kb5 Bc5 49. b7 Ba7 50. Ka6 Bb8 51. Kb5 Ba7 52. c5 Kd5 53.
Ka6 Bb8 54. Kb6 Ke6 55. Kc6 Ke7 56. Kd5 Kd7 57. c6+ Kc7 1/2-1/2

[Event "CAN-ch University"]
[Site "Ottawa CAN"]
[Date "2018.01.13"]
[Round "1"]
[White "Song, Michael"]
[Black "Song, Terry"]
[Result "1-0"]
[WhiteElo "2558"]
[BlackElo "2307"]
[PlyCount "145"]
[EventDate "2018.01.13"]
[EventType "team"]
[EventRounds "5"]
[EventCountry "CAN"]

1. d4 Nf6 2. Bg5 Ne4 3. Bf4 c5 4. f3 Qa5+ 5. c3 Nf6 6. d5 d6 7. e4 g6 8. Nd2
Nbd7 9. Nh3 Bg7 10. Nf2 O-O 11. a4 Qd8 12. Be2 Nh5 13. Bg5 f6 14. Bh4 Nf4 15.
O-O Ne5 16. Bg3 Nh5 17. f4 Nxg3 18. hxg3 Nf7 19. Bc4 f5 20. Qe2 fxe4 21. Ndxe4
a6 22. Nh3 Kh8 23. Kh2 Bd7 24. Rh1 Bxh3 25. Kxh3 Qd7+ 26. g4 Kg8 27. Kg3 g5 28.
Nxg5 Nxg5 29. fxg5 Be5+ 30. Kh3 Rf7 31. Bd3 Raf8 32. Bf5 Rxf5 33. gxf5 Qxf5+
34. Qg4 Qd3+ 35. g3 Rf3 36. Rhg1 Rf2 37. Rg2 Rf3 38. Qe6+ Kh8 39. Rag1 Qe4 40.
Rd1 Qxa4 41. Re1 Qe8 42. Kg4 Qf8 43. Rxe5 dxe5 44. Rh2 Rf1 45. Qxe5+ Kg8 46.
Qe4 Qf7 47. Rh6 Qg7 48. Re6 Rf7 49. Kh3 Qxg5 50. Qg4 Qxg4+ 51. Kxg4 b5 52. b4
cxb4 53. cxb4 Rf1 54. Rxe7 Rd1 55. Rd7 Rf1 56. Rd6 Kf7 57. Rxa6 Rd1 58. Ra7+
Kf6 59. Rxh7 Rxd5 60. Rh6+ Kg7 61. Rh4 Kg6 62. Kf4 Rd3 63. Rg4+ Kf6 64. Ke4 Rd1
65. Rf4+ Ke6 66. g4 Rb1 67. Kf3 Rb3+ 68. Kg2 Rc3 69. g5 Ke5 70. Rf3 Rc2+ 71.
Kg3 Rc4 72. Kh3 Rc8 73. Kg4 1-0

[Event "CAN-ch University"]
[Site "Ottawa CAN"]
[Date "2018.01.13"]
[Round "1"]
[White "Voloaca, Mihnea"]
[Black "Caen, Andy"]
[Result "1-0"]
[WhiteElo "2337"]
[BlackElo "2113"]
[PlyCount "73"]
[EventDate "2018.01.13"]
[EventType "team"]
[EventRounds "5"]
[EventCountry "CAN"]

1. Nf3 d5 2. g3 Bf5 3. c4 e6 4. Bg2 c6 5. O-O dxc4 6. Na3 Bxa3 7. bxa3 Qf6 8.
d4 cxd3 9. Bg5 Qc3 10. Rc1 Qxa3 11. Nd4 dxe2 12. Qxe2 Ne7 13. Rfe1 O-O 14. Bxe7
Qxe7 15. Nxf5 Qc7 16. Nd4 Rd8 17. Qe3 Na6 18. a3 Qb6 19. Red1 Nc7 20. Rb1 Qa6
21. Be4 Nd5 22. Qf3 Nf6 23. Bd3 Qa5 24. Bc2 Rd7 25. Rb3 Rad8 26. Rbd3 e5 27.
Qf5 Qc5 28. Nf3 Rxd3 29. Rxd3 Re8 30. Re3 Ng4 31. Qxh7+ Kf8 32. Qh8+ Ke7 33.
Qh4+ Kf8 34. Qxg4 Qxc2 35. Nxe5 Rd8 36. Kg2 Qd1 37. Rf3 1-0